[Event "Olympiad Women-43"]
[Site "Batumi"]
[Date "2018.09.28"]
[Round "5.64"]
[White "Akintoye, Deborah"]
[Black "Sitoe, Cheila Andre"]
[Result "1/2-1/2"]
[WhiteElo "1853"]
[BlackElo "1545"]
[PlyCount "113"]
[EventDate "2018.09.24"]
[EventType "team-swiss"]
[EventRounds "11"]
[EventCountry "GEO"]
[SourceTitle "EXT 2020"]
[Source "ChessBase"]
[SourceDate "2019.10.17"]
[SourceVersion "1"]
[SourceVersionDate "2019.10.17"]
[SourceQuality "1"]
[WhiteTeam "Nigeria (W)"]
[BlackTeam "Mozambique (W)"]
[WhiteTeamCountry "NGR"]
[BlackTeamCountry "MOZ"]

1. e4 c5 2. Nf3 d6 3. Bc4 Nc6 4. Nc3 Bg4 5. h3 Bh5 6. g4 Bg6 7. d3 h6 8. Nh4 Bh7 9. Be3 e6 10. Nf3 a6 11. a3 Nf6 12. g5 hxg5 13. Bxg5 Be7 14. Qd2 Qd7 15. 0-0-0 Bg6 16. Nh4 Bh5 17. Rde1 b5 18. Bb3 Nd4 19. Ne2 Nxe2+ 20. Rxe2 Bxe2 21. Qxe2 Rc8 22. Ng2 Qc6 23. Ne3 c4 24. dxc4 Qxe4 25. f3 Qe5 26. f4 Qe4 27. Rh2 bxc4 28. Bxc4 Rc6 29. Bd3 Qd4 30. f5 Qe5 31. h4 Kd7 32. Rf2 Ra8 33. fxe6+ fxe6 34. Bf4 Qh5 35. Bg5 Qxe2 36. Rxe2 Nh5 37. Be4 Bxg5 38. Bxc6+ Kxc6 39. hxg5 Rf8 40. Rh2 g6 41. Kd2 Rf3 42. b3 Rg3 43. Rg2 Rxg2+ 44. Nxg2 Ng3 45. Kd3 d5 46. Nf4 Kd6 47. Nxg6 Ne4 48. c4 dxc4+ 49. Kxc4 Nxg5 50. Kd4 Nf3+ 51. Ke3 Ne5 52. Nxe5 Kxe5 53. b4 Kd5 54. Kd3 e5 55. a4 e4+ 56. Ke3 Kc4 57. b5 1/2-1/2